000 00557nam a22001937a 4500
003 OSt
005 20140310182351.0
008 130930t xxu||||| |||| 00| 0 eng d
020 _a0590461605
050 _aPZ 7
_b.C873 1994
082 _aGS 808.8
_bC83 1994
100 _aCoville, Bruce
_94824
245 _aBruce Coville's book of ghosts tales to haunt you /
_cBruce Coville
260 _aNew York :
_bScholastic Inc,
_c1994
300 _a180 p. :
_bill. ;
_c20 cm.
650 _aFiction
_xGhosts Stories
_922174
942 _2lcc
_cBK-GS
999 _c12365
_d12365